Cómo son percibidas las acciones de la seguridad privada en el centro de la Ciudad de San José. Primera encuesta de criminalidad urbana en la ciudad de San José /
El artículo señala que la crisis actual del sistema de seguridad estatal ha desembocado en la proliferación de individuos y empresas privadas que ofrecen servicios de seguridad a los particulares. La crisis de ese sector oficial, unido al crecimiento y distribución de la población, la modernización...
שמור ב:
| מחבר ראשי: | |
|---|---|
| מחברים אחרים: | , |
| פורמט: | Texto |
| נושאים: | |
| תגים: |
הוספת תג
אין תגיות, היה/י הראשונ/ה לתייג את הרשומה!
|
MARC
| LEADER | 00000 a a2200000 04500 | ||
|---|---|---|---|
| 001 | 5063 | ||
| 003 | |||
| 040 | |||
| 100 | |a Carvajal Alvarado, Luis Guillermo | ||
| 245 | |a Cómo son percibidas las acciones de la seguridad privada en el centro de la Ciudad de San José. Primera encuesta de criminalidad urbana en la ciudad de San José / |c Luis GuillermoCarvajal ;Alvarado ; María del Rocío Marín ; Marco Vinicio Camacho | ||
| 500 | |a Dirección: http://ns.fcs.ucr.ac.cr/~historia/sitio/art.html | ||
| 520 | |a El artículo señala que la crisis actual del sistema de seguridad estatal ha desembocado en la proliferación de individuos y empresas privadas que ofrecen servicios de seguridad a los particulares. La crisis de ese sector oficial, unido al crecimiento y distribución de la población, la modernización y el desarrollo urbano que traen consigo la marginalidad, el crecimiento de la pobreza y el aumento de la criminalidad, influyen en la decisión del ciudadano de contar con un servicio de seguridad privado |a por lo que en el artículo se contempla y analiza la base legal, así como los pros y contras de este servicio, principalmente por la ausencia de una regulación adecuada de dichas empresas y la poca preparación de las personas que se ofrecen y fungen como oficiales de seguridad. REV/LCL | ||
| 650 | |a POLICIA | ||
| 650 | |a PREVENCION DEL DELITO | ||
| 650 | |a SERVICIOS PERSONALES | ||
| 650 | |a ADMINISTRACION DE JUSTICIA | ||
| 650 | |a POLICIA | ||
| 650 | |a PREVENCION DEL DELITO | ||
| 700 | |a Marín, María del Rocío | ||
| 700 | |a Camacho, Marco Vinicio | ||
| 773 | |g volumen 2, número 4; página 11 | ||
| 999 | |c 37858 |d 37858 | ||
